Handbook of reactive chemical hazards / | Bretherick's handbook of reactive chemical hazards : (Record no. 100852)

MARC details
000 -LEADER
fixed length control field 01111cam a2200313Ia 4500
008 - FIXED-LENGTH DATA ELEMENTS--GENERAL INFORMATION
fixed length control field
020 ## - INTERNATIONAL STANDARD BOOK NUMBER
International Standard Book Number 0750615575 (hbk.)
049 #0 - LOCAL HOLDINGS (OCLC)
Holding library MAIN
090 ## - LOCALLY ASSIGNED LC-TYPE CALL NUMBER (OCLC); LOCAL CALL NUMBER (RLIN)
Classification number (OCLC) (R) ; Classification number, CALL (RLIN) (NR) REF T55.3.H3
Local cutter number (OCLC) ; Book number/undivided call number, CALL (RLIN) BRE
003 - CONTROL NUMBER IDENTIFIER
control field
005 - DATE AND TIME OF LATEST TRANSACTION
control field 20230120191424.0
040 ## - CATALOGING SOURCE
Transcribing agency NUST
100 1# - MAIN ENTRY--PERSONAL NAME
Personal name Bretherick, L.
245 ## - TITLE STATEMENT
Title Handbook of reactive chemical hazards /
Statement of responsibility, etc. edited by P.G. Urben.
245 10 - TITLE STATEMENT
Title Bretherick's handbook of reactive chemical hazards :
Remainder of title an indexed guide to published data /
Statement of responsibility, etc. edited by P.G. Urben ; compilers, M.J. Pitt, L.A. Battle.
250 ## - EDITION STATEMENT
Edition statement 5th ed.
260 ## - PUBLICATION, DISTRIBUTION, ETC.
Place of publication, distribution, etc. Oxford :
Name of publisher, distributor, etc. Butterworth-Heinemann,
Date of publication, distribution, etc. 1995.
300 ## - PHYSICAL DESCRIPTION
Extent 2 v. :
Other physical details ill. ;
Dimensions 24 cm.
504 ## - BIBLIOGRAPHY, ETC. NOTE
Bibliography, etc. note Includes bibliographical references.
500 ## - GENERAL NOTE
General note Includes index.
650 #0 - SUBJECT ADDED ENTRY--TOPICAL TERM
Topical term or geographic name entry element Hazardous substances
General subdivision Handbooks, manuals, etc.
650 #0 - SUBJECT ADDED ENTRY--TOPICAL TERM
Topical term or geographic name entry element Chemicals
General subdivision Safety measures
-- Handbooks, manuals, etc.
700 1# - ADDED ENTRY--PERSONAL NAME
Personal name Urben, P.G.
700 1# - ADDED ENTRY--PERSONAL NAME
Personal name Pitt, Martin J.
700 1# - ADDED ENTRY--PERSONAL NAME
Personal name Battle, L.A.
730 ## - ADDED ENTRY--UNIFORM TITLE
Uniform title Handbook of reactive chemical hazards.
907 ## - LOCAL DATA ELEMENT G, LDG (RLIN)
a .b10171174
b 13-09-12
c 15-08-05
942 ## - ADDED ENTRY ELEMENTS (KOHA)
Koha item type Ordinary Loan Books
Call number prefix REF T55.3.H3
Call number suffix BRE
Holdings
Date last seen Total Checkouts Full call number Barcode Cost, replacement price Price effective from Koha item type Lost status Source of classification or shelving scheme Damaged status Not for loan Collection Withdrawn status Home library Current library Shelving location Date acquired Cost, normal purchase price
01/20/2023   REF T55.3.H3 HAN 92003021477 80.00 01/20/2023 BOOKS   LCC     NFIC   MAIN MAIN GEN 01/20/2023 80.00